Karakè e altri racconti. (Record no. 1487)
[ view plain ]
| 000 -LEADER | |
|---|---|
| fixed length control field | 00521cam a22001931 4500 |
| 001 - CONTROL NUMBER | |
| control field | af 47001964 |
| 003 - CONTROL NUMBER IDENTIFIER | |
| control field | DLC |
| 005 - DATE AND TIME OF LATEST TRANSACTION | |
| control field | 20260227110811.0 |
| 008 - FIXED-LENGTH DATA ELEMENTS--GENERAL INFORMATION | |
| fixed length control field | 920930s1944 it 000 0 ita c |
| 010 ## - LIBRARY OF CONGRESS CONTROL NUMBER | |
| LC control number | af 47001964 |
| 035 ## - SYSTEM CONTROL NUMBER | |
| System control number | (OCoLC)26703597 |
| 040 ## - CATALOGING SOURCE | |
| Original cataloging agency | Yale univ. Library |
| Transcribing agency | CU |
| Modifying agency | DLC |
| 042 ## - AUTHENTICATION CODE | |
| Authentication code | premarc |
| 050 00 - LIBRARY OF CONGRESS CALL NUMBER | |
| Classification number | PQ4809.H34 |
| Item number | K3 |
| 100 1# - MAIN ENTRY--PERSONAL NAME | |
| Personal name | Chiarelli, Luigi, |
| Dates associated with a name | 1880-1947. |
| 245 10 - TITLE STATEMENT | |
| Title | Karakè e altri racconti. |
| 260 ## - PUBLICATION, DISTRIBUTION, ETC. | |
| Place of publication, distribution, etc. | [Roma] |
| Name of publisher, distributor, etc. | Editoriale romana |
| Date of publication, distribution, etc. | [1944] |
| 300 ## - PHYSICAL DESCRIPTION | |
| Extent | 1 p. l., 5-221, [1] p. |
| Dimensions | 21 cm. |
No items available.